文雅的疯狂 (Record no. 66181)

000 -LEADER
fixed length control field 00484nam a22001817a 4500
003 - CONTROL NUMBER IDENTIFIER
control field MPLRDC
005 - DATE AND TIME OF LATEST TRANSACTION
control field 20220104195431.0
008 - FIXED-LENGTH DATA ELEMENTS--GENERAL INFORMATION
fixed length control field 210129b ||||| |||| 00| 0 eng d
020 ## - INTERNATIONAL STANDARD BOOK NUMBER
International Standard Book Number 978-7-208-12486-8
082 ## - DEWEY DECIMAL CLASSIFICATION NUMBER
Classification number 029.5 BAS
100 ## - MAIN ENTRY--PERSONAL NAME
Personal name NICHOLAS A. BASBANES 尼古拉斯.A.巴斯贝恩
245 ## - TITLE STATEMENT
Title 文雅的疯狂
Statement of responsibility, etc. 陈焱 译
250 ## - EDITION STATEMENT
Edition statement 一版五刷
260 ## - PUBLICATION, DISTRIBUTION, ETC.
Place of publication, distribution, etc. 中国
Name of publisher, distributor, etc. 上海人民出版社
Date of publication, distribution, etc. 2015
300 ## - PHYSICAL DESCRIPTION
Other physical details
650 ## - SUBJECT ADDED ENTRY--TOPICAL TERM
Topical term or geographic name entry element 藏书癖
942 ## - ADDED ENTRY ELEMENTS (KOHA)
Koha item type Book
-- 029.5 BAS
Holdings
Withdrawn status Lost status Source of classification or shelving scheme Damaged status Not for loan Collection code Home library Current library Shelving location Date acquired Cost, normal purchase price Total Checkouts Full call number Barcode Date last seen Date last checked out Price effective from Koha item type Public note
            Malaysian Public Library, Research and Development Centre Malaysian Public Library, Research and Development Centre   10/04/2016 72.50   029.5 BAS 00059778 18/03/2021 11/02/2018 18/03/2021 Book mplrdc

© 2022. Malaysian Public Library, Research and Development Centre. All Right ReservedE-mailmplrdc@help.edu.my 

Powered by Koha